Quick Pick: John Lennon Songs Quiz Stats

 Plays Quiz Updated Apr 17, 2018

Score 0/16 Timer 01:00
4 Plays Today
% Correct
People
91.4%
Peace
89.8%
Whatever
86.2%
Games
84.9%
War
84.1%
Starting
83%
Stepping
81.8%
Karma
81.6%
% Correct
Nobody
80.4%
Hero
79.3%
Gimme
79.3%
Beautiful
77.3%
Jealous
74.2%
Turkey
72.1%
Wheels
66.3%
#9
51.3%

Today's Daily Dose

Missing Word
Arizona A-Z

Word Ladder
Greek Letters II

Get the Picture
US National Parks

You're not logged in!

Compare scores with friends on all Sporcle quizzes.
OR
Log In

You Might Also Like...

Show Comments

Extras

Top Quizzes Today


Score Distribution

Your Account Isn't Verified!

In order to create a playlist on Sporcle, you need to verify the email address you used during registration. Go to your Sporcle Settings to finish the process.

Report this User

Report this user for behavior that violates our Community Guidelines.

Details: